SI Units Expressed in SI Base Units Quiz - Statistics

General Stats
  • This quiz has been taken 64 times
  • The average score is 11 of 22
Answer Stats
SI base units Answer % Correct
Acceleration
94%
Velocity
94%
kg m s-2 Newton
81%
Force
78%
s-1 Hertz
63%
Frequency
56%
kg m2 s-2 Joule
56%
A s Coulomb
53%
Energy / Work
53%
Electric charge
44%
A-2 kg m2 s-3 Ohm
44%
Momentum
41%
Resistance
41%
kg m-1 s-2 Pascal
38%
Pressure
38%
A-1 kg m2 s-3 Volt
38%
Density
34%
Voltage / Potential difference
31%
kg m2 s-3 Watt
31%
Power
28%
Resistivity
19%
A-2 kg m3 s-3 Ohm meter
16%
No matching quizzes found
Score Distribution
Percent of People with Each Score
Percentile by Number Answered
Your Score History
You have not taken this quiz